000 00651nam a2200241Ia 4500
003 OSt
005 20221007071044.0
006 a|||||r|||| 00| 0
007 ta
008 221006b |||||||| |||| 00| 0 eng d
024 _a43,273
037 _cTextual
040 _aFLL
_cFLL
_beng
041 _2eng
_aeng
082 _aD65,8(B):(Z2,5), Q2
100 _aChaubey R.K.
_9590018
245 0 _aAn introduction to cyber crime and cyber law
250 _a2nd
260 _aKolkata
_bKamal law house India
_c2012
300 _a1552
_ccm.
942 _hD65,8(B):(Z2,5), Q2
_cTEXL
_2CC
999 _c1142314
_d1142314